| 000 | 00451nam a2200193Ia 4500 | ||
|---|---|---|---|
| 003 | GCL | ||
| 008 | 140319s9999 xx 000 0 eng d | ||
| 040 |
_aGCL / _cGCL |
||
| 082 | 0 | 4 |
_a745.2 _bJ N |
| 100 | 1 | _aJULIER, GUY | |
| 245 | 1 | 0 |
_aNEW SPANISH DESIGN / _cJULIER, GUY |
| 260 |
_a[S.N] : _bTHAMES AND HUDSON |
||
| 300 | _a191 P | ||
| 650 | 0 | 4 | _aSPAIN |
| 650 | 0 | 4 | _aDESIGN |
| 650 | 0 | 4 | _aINFANCY |
| 650 | 0 | 4 | _aINDUSTRIAL DESIGN |
| 942 |
_2ddc _cBK |
||
| 999 |
_c18089 _d18089 |
||